[Event "Junior Online 4NCL Division 3"]
[Site "online"]
[Date "2022.03.03"]
[EventDate "2022.03.03"]
[Round "4.22"]
[White "Marshall, Wilfred"]
[WhiteElo "886"]
[WhiteTeam "Barnet Knights D"]
[Black "Brandreth-Stroud, Cassian"]
[BlackElo "1165"]
[BlackTeam "Desert Penguins Unicorn"]
[Result "0-1"]
[PlyCount "154"]

1. d4 e6 2. Nc3 d5 3. Bf4 Bd6 4. Bxd6 cxd6 5. g3 Nf6 6. Bg2 b6 7. f3 e5 8. e4 dxe4 9. fxe4 O-O 10. d5 Nbd7 11. Nf3 h6 12. O-O Nc5 13. b4 Ncxe4 14. Nxe4 Nxe4 15. Qd3 Bf5 16. Qe2 Rc8 17. c4 a6 18. Nh4 Bd7 19. Bxe4 Bh3 20. Rf2 Qg5 21. Rc1 f5 22. Bg2 Bg4 23. Qd3 f4 24. h3 Bf5 25. Nxf5 Rxf5 26. Rf3 Re8 27. g4 Rf6 28. c5 dxc5 29. bxc5 bxc5 30. Rc2 e4 31. Qe2 exf3 32. Qxe8+ Rf8 33. Qe6+ Rf7 34. Bxf3 Qh4 35. Bg2 f3 36. Rf2 Kf8 37. Qc8+ Ke7 38. Qxc5+ Ke8 39. Qc6+ Kf8 40. Rxf3 Rxf3 41. Bxf3 Qg3+ 42. Bg2 Qe1+ 43. Kh2 Qe5+ 44. Kh1 Qe1+ 45. Kh2 Qe5+ 46. Kg1 Qe1+ 47. Bf1 Qg3+ 48. Kh1 Qf3+ 49. Bg2 Qd1+ 50. Kh2 Qe2 51. Qd6+ Ke8 52. Qg6+ Kf8 53. Qe6 Qxa2 54. Qf5+ Kg8 55. Qe6+ Kh7 56. d6 Qxe6 57. Kh1 Qxd6 58. Be4+ Qg6 59. Bxg6+ Kxg6 60. Kg1 a5 61. Kf1 a4 62. Ke1 a3 63. Kd1 a2 64. Kc1 a1=Q+ 65. Kc2 Qh1 66. Kd2 Qxh3 67. Ke2 Qxg4+ 68. Ke1 Qf3 69. Kd2 Qe4 70. Kc1 Qe2 71. Kb1 Qd2 72. Ka1 Kf5 73. Kb1 Ke4 74. Ka1 Kd4 75. Kb1 Kc4 76. Ka1 Kb3 77. Kb1 Qe1# 0-1

[Event "Junior Online 4NCL Division 3"]
[Site "online"]
[Date "2022.03.03"]
[EventDate "2022.03.03"]
[Round "4.23"]
[White "Tengayev, Temir"]
[WhiteElo "969"]
[WhiteTeam "Desert Penguins Unicorn"]
[Black "Sobolevski, Damien"]
[BlackElo "920"]
[BlackTeam "Barnet Knights D"]
[Result "1-0"]
[PlyCount "119"]

1. d4 Nf6 2. c4 g6 3. Nc3 Bg7 4. Nf3 d6 5. e3 Bg4 6. h3 Bxf3 7. Qxf3 Nbd7 8. Bd3 e5 9. Qxb7 exd4 10. exd4 O-O 11. O-O c5 12. dxc5 Nxc5 13. Qf3 Nxd3 14. Qxd3 Rc8 15. b3 d5 16. cxd5 Nxd5 17. Nxd5 Bxa1 18. Bh6 Re8 19. Rxa1 Rc5 20. Qd4 f6 21. Re1 Rxe1+ 22. Kh2 Rxd5 23. Qxa7 Qd6+ 24. g3 Qf8 25. Bxf8 Kxf8 26. Qxh7 Rd2 27. h4 Rxf2+ 28. Kh3 Rh1+ 29. Kg4 g5 30. Qh6+ Ke7 31. Kh5 Rfh2 32. Qh7+ Ke6 33. Qe4+ Kf7 34. Qb4 gxh4 35. Qc4+ Ke7 36. gxh4 Rxh4+ 37. Qxh4 Rxh4+ 38. Kxh4 Ke6 39. Kg4 f5+ 40. Kf4 Kf6 41. b4 Ke6 42. a3 Kd5 43. Kxf5 Kc4 44. Ke4 Kb5 45. Kd4 Ka4 46. Kc3 Kxa3 47. Kc4 Ka4 48. b5 Ka5 49. Kc5 Ka4 50. b6 Ka5 51. Kc6 Ka6 52. b7 Ka7 53. Kc7 Ka6 54. b8=Q Ka5 55. Kc6 Ka4 56. Qb5+ Ka3 57. Kc5 Ka2 58. Kc4 Ka3 59. Kc3 Ka2 60. Qb2# 1-0

[Event "Junior Online 4NCL Division 3"]
[Site "online"]
[Date "2022.03.03"]
[EventDate "2022.03.03"]
[Round "4.24"]
[White "Finlay Fox, George"]
[WhiteElo "800"]
[WhiteTeam "Barnet Knights D"]
[Black "Deng, Jiahao"]
[BlackElo "935"]
[BlackTeam "Desert Penguins Unicorn"]
[Result "0-1"]
[PlyCount "32"]

1. e4 e5 2. Bc4 Nf6 3. a3 Nc6 4. Qf3 Bc5 5. Ba2 O-O 6. Qg3 g6 7. Nf3 Nxe4 8. Qh3 d6 9. d3 Bxh3 10. O-O Be6 11. Bg5 Nxg5 12. Nxg5 Bxa2 13. Rxa2 Qxg5 14. Re1 Nd4 15. Re4 Qc1+ 16. Re1 Qxe1# 0-1

[Event "Junior Online 4NCL Division 3"]
[Site "online"]
[Date "2022.03.03"]
[EventDate "2022.03.03"]
[Round "4.25"]
[White "Scheffel, Oliver"]
[WhiteElo "1092"]
[WhiteTeam "Barnet Knights D"]
[Black "Matveev, Grigory"]
[BlackElo "1227"]
[BlackTeam "Desert Penguins Unicorn"]
[Result "0-1"]
[PlyCount "48"]

1. e4 c5 2. Nf3 d6 3. Nc3 e6 4. Be2 Nc6 5. O-O Nf6 6. d3 Be7 7. d4 cxd4 8. Nxd4 O-O 9. Nxc6 bxc6 10. Kh1 Bb7 11. Bf3 c5 12. Rg1 d5 13. e5 Nd7 14. Bf4 f6 15. exf6 Bxf6 16. Bd2 Ne5 17. Qe2 Rb8 18. g3 Nxf3 19. Qxf3 d4 20. Ne4 Be7 21. Rae1 Rxf3 22. Ref1 Qd5 23. Ng5 Rxf2+ 24. Rg2 Qxg2# 0-1

[Event "Junior Online 4NCL Division 3"]
[Site "online"]
[Date "2022.03.03"]
[EventDate "2022.03.03"]
[Round "4.26"]
[White "Brandreth-Stroud, Cassian"]
[WhiteElo "1165"]
[WhiteTeam "Desert Penguins Unicorn"]
[Black "Marshall, Wilfred"]
[BlackElo "886"]
[BlackTeam "Barnet Knights D"]
[Result "1-0"]
[PlyCount "49"]

1. e4 c5 2. Nf3 e6 3. d4 d5 4. dxc5 Bxc5 5. exd5 exd5 6. Bb5+ Nc6 7. Qe2+ Be6 8. Ne5 Rc8 9. Bf4 a6 10. Nxc6 bxc6 11. Bxa6 Ra8 12. Bb7 Ra7 13. Bxc6+ Kf8 14. Nc3 Qb6 15. Bxd5 Qxb2 16. O-O Qxc3 17. Bxe6 fxe6 18. Qxe6 Re7 19. Qc8+ Re8 20. Bd6+ Ne7 21. Qxc5 Qd2 22. Rfe1 Qxc2 23. Bxe7+ Rxe7 24. Qxe7+ Kg8 25. Qe8# 1-0

[Event "Junior Online 4NCL Division 3"]
[Site "online"]
[Date "2022.03.03"]
[EventDate "2022.03.03"]
[Round "4.28"]
[White "Deng, Jiahao"]
[WhiteElo "935"]
[WhiteTeam "Desert Penguins Unicorn"]
[Black "Finlay Fox, George"]
[BlackElo "800"]
[BlackTeam "Barnet Knights D"]
[Result "1-0"]
[PlyCount "65"]

1. e4 e5 2. Nf3 Bc5 3. Nc3 Bb4 4. Bc4 d5 5. exd5 c6 6. dxc6 bxc6 7. Nxe5 Nf6 8. O-O Ng4 9. Nxg4 Qg5 10. Re1+ Kf8 11. a3 Bxg4 12. f3 Bh3 13. Re2 Nd7 14. axb4 Re8 15. Rxe8+ Kxe8 16. Qe2+ Kf8 17. Ne4 Qg6 18. Rxa7 Nf6 19. Nxf6 Qxf6 20. gxh3 g6 21. Ra8+ Kg7 22. Rxh8 Kxh8 23. b3 Qh4 24. Qe8+ Kg7 25. Bb2+ Kh6 26. Qf8+ Kh5 27. Qc5+ Kh6 28. Bxf7 Qxh3 29. Qe3+ Kh5 30. Qe5+ Kh6 31. Qg7+ Kg5 32. Qxg6+ Kh4 33. Bf6# 1-0

[Event "Junior Online 4NCL Division 3"]
[Site "online"]
[Date "2022.03.03"]
[EventDate "2022.03.03"]
[Round "4.31"]
[White "Man, Felix"]
[WhiteElo "1319"]
[WhiteTeam "Muswell Hill Primary"]
[Black "Bedretdinov, Rasul"]
[BlackElo "1202"]
[BlackTeam "Tetherdown Bishops"]
[Result "1/2-1/2"]
[PlyCount "101"]

1. e4 e5 2. Nc3 Nc6 3. Bc4 Nf6 4. Nf3 Nxe4 5. Nxe4 d5 6. Bd3 dxe4 7. Bxe4 Bd6 8. O-O O-O 9. h3 Ne7 10. b3 f5 11. Bd3 Be6 12. Ng5 Qd7 13. Nxe6 Qxe6 14. Bc4 Nd5 15. d4 c6 16. Re1 b5 17. Bxd5 Qxd5 18. dxe5 Qxd1 19. Rxd1 Bxe5 20. Rb1 Rae8 21. Bb2 Bc7 22. Rd7 Bb8 23. Rxg7+ Kh8 24. Re7+ Kg8 25. Rg7+ Kh8 26. Rxa7+ Kg8 27. Rg7+ Kh8 28. g4 Be5 29. Rg5 Bxb2 30. Rxb2 fxg4 31. hxg4 Re1+ 32. Kg2 Re2 33. Rf5 Rg8 34. Kf3 Rd2 35. Ke3 Rd7 36. f3 Re7+ 37. Kf2 Rge8 38. c4 b4 39. Rf6 c5 40. Rc6 Re5 41. Kg3 Rf8 42. f4 Re3+ 43. Kf2 Re4 44. Rxc5 Rfxf4+ 45. Kg3 Rxg4+ 46. Kf3 Ref4+ 47. Ke3 Re4+ 48. Kf2 Ref4+ 49. Ke3 Re4+ 50. Kf3 Ref4+ 51. Ke3 1/2-1/2

[Event "Junior Online 4NCL Division 3"]
[Site "online"]
[Date "2022.03.03"]
[EventDate "2022.03.03"]
[Round "4.32"]
[White "Kirk, Alex"]
[WhiteElo "1131"]
[WhiteTeam "Tetherdown Bishops"]
[Black "Michener, Max"]
[BlackElo "1365"]
[BlackTeam "Muswell Hill Primary"]
[Result "0-1"]
[PlyCount "98"]

1. e4 e5 2. Nf3 Nc6 3. Nc3 Bc5 4. Nxe5 Nxe5 5. d4 Bd6 6. dxe5 Bxe5 7. Bc4 d6 8. Qd5 Qf6 9. Nb5 c6 10. Nc7+ Kd7 11. Bg5 cxd5 12. Bxf6 Kxc7 13. Bxe5 dxe5 14. Bxd5 Nf6 15. O-O-O Bd7 16. Bxf7 Nxe4 17. Rhf1 Rad8 18. f3 Nf6 19. Bc4 Bc6 20. b3 Rxd1+ 21. Rxd1 Rd8 22. Rxd8 Kxd8 23. Kd2 Kd7 24. Ke3 Kd6 25. a4 Nd5+ 26. Kd3 Nf4+ 27. Kc3 Nxg2 28. Be2 Nf4 29. Bd1 a5 30. Kc4 Nd5 31. h3 Ne3+ 32. Kd3 Nxd1 33. Kd2 Nf2 34. Ke3 Nxh3 35. c4 Ng5 36. Kd3 Nxf3 37. Kc3 e4 38. b4 axb4+ 39. Kxb4 e3 40. c5+ Kd5 41. a5 e2 42. Ka3 e1=Q 43. Kb2 Qb4+ 44. Kc2 Nd4+ 45. Kd3 Bb5+ 46. Ke3 Qe1+ 47. Kf4 Qf2+ 48. Kg4 Be2+ 49. Kg5 Qg3# 0-1

[Event "Junior Online 4NCL Division 3"]
[Site "online"]
[Date "2022.03.03"]
[EventDate "2022.03.03"]
[Round "4.33"]
[White "Bagshaw, Freddie"]
[WhiteElo "1105"]
[WhiteTeam "Muswell Hill Primary"]
[Black "Murphy, Sam"]
[BlackElo "1154"]
[BlackTeam "Tetherdown Bishops"]
[Result "0-1"]
[PlyCount "126"]

1. e4 e5 2. Nf3 Nc6 3. Bc4 Bc5 4. O-O Nf6 5. Nc3 O-O 6. h3 d6 7. a3 a6 8. b4 Ba7 9. d3 h6 10. Nd5 Nxd5 11. Bxd5 Bd7 12. Bd2 Rb8 13. a4 Ne7 14. a5 Nxd5 15. exd5 c6 16. dxc6 Bxc6 17. Re1 Bxf3 18. Qxf3 Bd4 19. Rab1 Qc7 20. Rbc1 Bb2 21. Rcd1 Qxc2 22. Qg3 Kh8 23. Be3 Qc8 24. Rb1 Bd4 25. Rec1 Qd7 26. Bd2 Rfe8 27. Re1 Rbc8 28. Qh4 Qe6 29. Re4 f5 30. Ree1 g5 31. Qh5 Kg7 32. Qf3 Rb8 33. b5 axb5 34. Rxb5 Qd7 35. Rb3 b6 36. a6 Qa7 37. Ra3 b5 38. Qxf5 Qf7 39. Qxf7+ Kxf7 40. Rc1 Rec8 41. Re1 Rc2 42. Re2 Rcc8 43. Bb4 Ke6 44. Re4 Rb6 45. a7 Ra8 46. g3 Rb7 47. h4 Rbxa7 48. Rb3 Ra2 49. hxg5 hxg5 50. Rg4 Kf5 51. Re4 d5 52. Re1 Bxf2+ 53. Kf1 Bxe1 54. Bxe1 Rb8 55. Rb4 Ra4 56. g4+ Ke6 57. Rb2 Rxg4 58. Rh2 Kf5 59. Rf2+ Ke6 60. Re2 Rf4+ 61. Kg1 Rg4+ 62. Kh2 Rh8+ 63. Bh4 Rhxh4# 0-1

[Event "Junior Online 4NCL Division 3"]
[Site "online"]
[Date "2022.03.03"]
[EventDate "2022.03.03"]
[Round "4.34"]
[White "Thorburn, Rory"]
[WhiteElo "1109"]
[WhiteTeam "Tetherdown Bishops"]
[Black "Capel, Yiannis"]
[BlackElo "813"]
[BlackTeam "Muswell Hill Primary"]
[Result "0-1"]
[PlyCount "44"]

1. e4 c6 2. Nc3 d5 3. exd5 cxd5 4. Bb5+ Nc6 5. Bxc6+ bxc6 6. Nf3 Bf5 7. O-O e6 8. d3 Bd6 9. Bg5 Nf6 10. g3 h6 11. Bf4 Bxf4 12. gxf4 Bh3 13. Re1 Nh5 14. Ne2 Qf6 15. Ng3 Nxf4 16. Qd2 Ng6 17. Nh5 Qxf3 18. Rxe6+ fxe6 19. Nxg7+ Kf8 20. Nxe6+ Kg8 21. Nf4 Nxf4 22. Qxf4 Qg2# 0-1

[Event "Junior Online 4NCL Division 3"]
[Site "online"]
[Date "2022.03.03"]
[EventDate "2022.03.03"]
[Round "4.35"]
[White "Bedretdinov, Rasul"]
[WhiteElo "1202"]
[WhiteTeam "Tetherdown Bishops"]
[Black "Man, Felix"]
[BlackElo "1319"]
[BlackTeam "Muswell Hill Primary"]
[Result "0-1"]
[PlyCount "122"]

1. e4 e5 2. Nf3 Nc6 3. Bc4 Bc5 4. c3 d6 5. d4 exd4 6. cxd4 Bb6 7. O-O Nf6 8. d5 Ne7 9. Re1 c6 10. Nc3 h6 11. h3 O-O 12. Qd3 cxd5 13. exd5 Bf5 14. Qd2 Ng6 15. Ne2 Ne4 16. Qd1 Nxf2 17. Qb3 Nd3+ 18. Ned4 Nxe1 19. Be3 Nxf3+ 20. gxf3 Qf6 21. Rd1 Bxh3 22. Kf2 Ne5 23. Ke2 Nxc4 24. Qxc4 Rfe8 25. Qd3 Bxd4 26. Qxd4 Qxd4 27. Rxd4 Bf1+ 28. Kf2 Ba6 29. Bf4 Re2+ 30. Kg3 Rxb2 31. Bxd6 Rxa2 32. Bc7 Rc2 33. d6 Bb5 34. Rb4 Bc6 35. Rb3 Rc8 36. Re3 Bd7 37. Re7 R2xc7 38. dxc7 Rxc7 39. Kf4 Kf8 40. Re2 Rc8 41. Rb2 Rb8 42. Ra2 a6 43. Ra3 b5 44. Ke4 Ra8 45. Kd4 a5 46. Kc5 b4 47. Rb3 Be6 48. Re3 b3 49. Re1 b2 50. Kd4 Rb8 51. Kc3 b1=Q 52. Rxb1 Rxb1 53. f4 a4 54. f5 Bxf5 55. Kd2 a3 56. Ke3 a2 57. Kd2 a1=R 58. Ke3 Rb4 59. Kd2 Rb3 60. Ke2 Ra2+ 61. Kd1 Rb1# 0-1

[Event "Junior Online 4NCL Division 3"]
[Site "online"]
[Date "2022.03.03"]
[EventDate "2022.03.03"]
[Round "4.36"]
[White "Michener, Max"]
[WhiteElo "1365"]
[WhiteTeam "Muswell Hill Primary"]
[Black "Kirk, Alex"]
[BlackElo "1131"]
[BlackTeam "Tetherdown Bishops"]
[Result "0-1"]
[PlyCount "76"]

1. e4 e5 2. Nc3 Nf6 3. f4 d6 4. Nf3 Bg4 5. Bc4 Nc6 6. d3 Nd4 7. h3 Bxf3 8. gxf3 exf4 9. Bxf4 c6 10. Be3 Ne6 11. Qe2 d5 12. Bb3 d4 13. Bxe6 fxe6 14. f4 dxe3 15. e5 Nd5 16. Nxd5 Qxd5 17. O-O-O Qxa2 18. Qxe3 Bb4 19. c3 Be7 20. Rhg1 g6 21. f5 h6 22. fxg6 Bg5 23. Rxg5 hxg5 24. Qxg5 Rd8 25. g7 Rg8 26. Rf1 Qa1+ 27. Kc2 Qxf1 28. h4 Qxd3+ 29. Kb3 Qd1+ 30. Kb4 b6 31. Qg6+ Kd7 32. Qf7+ Kc8 33. Qxa7 c5+ 34. Kc4 Rd7 35. Qa8+ Kc7 36. Qxg8 Qd5+ 37. Kb5 Qb3+ 38. Ka6 Qa4# 0-1

[Event "Junior Online 4NCL Division 3"]
[Site "online"]
[Date "2022.03.03"]
[EventDate "2022.03.03"]
[Round "4.37"]
[White "Murphy, Sam"]
[WhiteElo "1154"]
[WhiteTeam "Tetherdown Bishops"]
[Black "Bagshaw, Freddie"]
[BlackElo "1105"]
[BlackTeam "Muswell Hill Primary"]
[Result "1-0"]
[PlyCount "43"]

1. d4 d5 2. c4 dxc4 3. e4 Nf6 4. e5 Nd5 5. Bxc4 Nb4 6. Qa4+ N4c6 7. d5 b5 8. Bxb5 Bd7 9. dxc6 Bxc6 10. Bxc6+ Nxc6 11. Qxc6+ Qd7 12. Qxa8+ Qd8 13. Qxd8+ Kxd8 14. Nf3 e6 15. O-O Bc5 16. Rd1+ Ke7 17. b3 Rb8 18. Ba3 Bxa3 19. Nxa3 Rb4 20. Rac1 f6 21. Rxc7+ Kf8 22. Rd8# 1-0

[Event "Junior Online 4NCL Division 3"]
[Site "online"]
[Date "2022.03.03"]
[EventDate "2022.03.03"]
[Round "4.38"]
[White "Capel, Yiannis"]
[WhiteElo "813"]
[WhiteTeam "Muswell Hill Primary"]
[Black "Thorburn, Rory"]
[BlackElo "1109"]
[BlackTeam "Tetherdown Bishops"]
[Result "0-1"]
[PlyCount "96"]

1. e4 e5 2. Nf3 Nc6 3. Bb5 d6 4. d3 h6 5. c3 Nf6 6. O-O a6 7. Ba4 b5 8. Bc2 Bg4 9. h3 Bh5 10. Nbd2 d5 11. Re1 d4 12. cxd4 Nxd4 13. Nxd4 Bxd1 14. Rxd1 Qxd4 15. Nf3 Qc5 16. Be3 Qxc2 17. Rd2 Qc6 18. Rdd1 Bc5 19. Rac1 Nd7 20. Nxe5 Qf6 21. Nxd7 Kxd7 22. Rxc5 c6 23. d4 Rad8 24. Rxc6 Qxc6 25. Rc1 Qxe4 26. g3 g5 27. Rc3 b4 28. Rb3 Qb1+ 29. Kg2 Qxa2 30. Rxb4 Qd5+ 31. Kf1 Rc8 32. b3 Rc2 33. Rb6 Rb2 34. Rxa6 Rxb3 35. Ra7+ Rb7 36. Ra6 Qc4+ 37. Kg2 Qxa6 38. d5 Rb1 39. d6 Qb7+ 40. f3 Qb2+ 41. Bf2 Kxd6 42. h4 gxh4 43. gxh4 Qg7+ 44. Bg3+ Kc6 45. f4 Rg8 46. Kf2 Qxg3+ 47. Ke2 Rb2+ 48. Kf1 Qg1# 0-1

[Event "Junior Online 4NCL Division 3"]
[Site "online"]
[Date "2022.03.03"]
[EventDate "2022.03.03"]
[Round "4.41"]
[White "Hoccom, Sebastian"]
[WhiteElo "1040"]
[WhiteTeam "Young Dragons C"]
[Black "Bhatia, Kanishka"]
[BlackElo "1140"]
[BlackTeam "Lenzie Dementors"]
[Result "0-1"]
[PlyCount "72"]

1. e4 e5 2. Nf3 Nf6 3. Nc3 Nc6 4. d4 exd4 5. Nxd4 Bc5 6. Nxc6 dxc6 7. Qxd8+ Kxd8 8. Bg5 h6 9. Bxf6+ gxf6 10. Rd1+ Ke7 11. Bc4 Be6 12. Bxe6 fxe6 13. O-O Rhg8 14. g3 Rad8 15. Rxd8 Rxd8 16. a3 Rd2 17. b4 Rxc2 18. Nd1 Bb6 19. Ne3 Bxe3 20. fxe3 Rc3 21. Rf4 Rxa3 22. Kf2 c5 23. bxc5 Rc3 24. Rh4 Rxc5 25. Rh5 Rxh5 26. g4 Rxh2+ 27. Kg3 Rb2 28. g5 hxg5 29. e5 fxe5 30. e4 a5 31. Kg4 a4 32. Kxg5 a3 33. Kg6 a2 34. Kg7 a1=Q 35. Kg6 Qg1+ 36. Kh7 Rh2# 0-1

[Event "Junior Online 4NCL Division 3"]
[Site "online"]
[Date "2022.03.03"]
[EventDate "2022.03.03"]
[Round "4.42"]
[White "Lukhi, Neev"]
[WhiteElo "1003"]
[WhiteTeam "Lenzie Dementors"]
[Black "Kulkarni, Arnav"]
[BlackElo "1033"]
[BlackTeam "Young Dragons C"]
[Result "1-0"]
[PlyCount "85"]

1. d4 d5 2. Bf4 Nc6 3. e3 Bf5 4. c3 Nf6 5. Nd2 e6 6. Ngf3 Be7 7. Bb5 O-O 8. O-O Bd6 9. Bg3 Bxg3 10. fxg3 Qd6 11. Nh4 Bg4 12. Qc2 a6 13. Bd3 Rfe8 14. c4 dxc4 15. Nxc4 Qd5 16. Nf3 Nb4 17. Qb3 Nxd3 18. Qxd3 Ne4 19. Nfe5 f6 20. Nxg4 f5 21. Nf2 b5 22. Ne5 Nf6 23. g4 c5 24. gxf5 exf5 25. Nf3 c4 26. Qd2 Re7 27. Rad1 Rae8 28. Ne5 h5 29. Qe2 g5 30. Nh3 g4 31. Nf4 Qe4 32. Nfg6 Rg7 33. Rf4 Qb7 34. Rxf5 Rf8 35. Nxf8 h4 36. Ne6 Re7 37. Rxf6 h3 38. Qxg4+ Kh8 39. Rh6+ Rh7 40. Qg7+ Qxg7 41. Nxg7 Kxg7 42. Rxh7+ Kxh7 43. gxh3 1-0

[Event "Junior Online 4NCL Division 3"]
[Site "online"]
[Date "2022.03.03"]
[EventDate "2022.03.03"]
[Round "4.43"]
[White "Pandit, Aaryan"]
[WhiteElo "1034"]
[WhiteTeam "Young Dragons C"]
[Black "Tsagkarakis, Georgios"]
[BlackElo "975"]
[BlackTeam "Lenzie Dementors"]
[Result "0-1"]
[PlyCount "52"]

1. d4 e6 2. Bf4 d5 3. Nf3 h6 4. Nbd2 Bd6 5. Bg3 Nf6 6. e3 a6 7. Bd3 Nc6 8. c3 Bd7 9. Ne5 Qe7 10. Nxc6 Bxc6 11. Nf3 Bxg3 12. hxg3 Qd7 13. Ne5 Qd6 14. Qc2 Nd7 15. Nxc6 Qxc6 16. f3 Nb6 17. e4 Qd6 18. Rh3 c5 19. dxc5 Qxc5 20. O-O-O O-O-O 21. Be2 dxe4 22. Rxd8+ Rxd8 23. fxe4 Qe3+ 24. Kb1 Qg1+ 25. Bd1 Rxd1+ 26. Qxd1 Qxd1# 0-1

[Event "Junior Online 4NCL Division 3"]
[Site "online"]
[Date "2022.03.03"]
[EventDate "2022.03.03"]
[Round "4.44"]
[White "Al dakl alla, Human"]
[WhiteElo "1000"]
[WhiteTeam "Lenzie Dementors"]
[Black "Rein, Sam"]
[BlackElo "650"]
[BlackTeam "Young Dragons C"]
[Result "1-0"]
[PlyCount "35"]

1. e4 e5 2. Nf3 Nc6 3. Bc4 Bc5 4. O-O d6 5. h3 Be6 6. d3 Qe7 7. Nc3 a6 8. Be3 Nd4 9. Bxd4 exd4 10. Nd5 h6 11. Nxe7 Nxe7 12. Bxe6 fxe6 13. e5 d5 14. c4 dxc4 15. dxc4 Nc6 16. Qd3 Nb4 17. Qg6+ Kd8 18. Rfd1 1-0

[Event "Junior Online 4NCL Division 3"]
[Site "online"]
[Date "2022.03.03"]
[EventDate "2022.03.03"]
[Round "4.45"]
[White "Bhatia, Kanishka"]
[WhiteElo "1140"]
[WhiteTeam "Lenzie Dementors"]
[Black "Hoccom, Sebastian"]
[BlackElo "1040"]
[BlackTeam "Young Dragons C"]
[Result "1-0"]
[PlyCount "65"]

1. e4 e5 2. Nf3 Nc6 3. Bb5 h6 4. d3 Nf6 5. Bxc6 dxc6 6. Nxe5 Qd4 7. Nf3 Qc5 8. Be3 Qb5 9. b3 Qb4+ 10. Bd2 Qc5 11. Bc3 Ng4 12. O-O Bd6 13. e5 Be7 14. h3 Nxf2 15. Rxf2 O-O 16. d4 Qd5 17. Qd3 g6 18. Bd2 Bf5 19. Qe3 g5 20. Nc3 Qd7 21. h4 Kg7 22. hxg5 hxg5 23. Nxg5 Bxc2 24. e6 fxe6 25. Nxe6+ Qxe6 26. Qxe6 Rxf2 27. Kxf2 Rf8+ 28. Kg1 Bh4 29. Bh6+ Kh8 30. Bxf8 Bf2+ 31. Kxf2 Bh7 32. Qh6 c5 33. Qg7# 1-0

[Event "Junior Online 4NCL Division 3"]
[Site "online"]
[Date "2022.03.03"]
[EventDate "2022.03.03"]
[Round "4.46"]
[White "Kulkarni, Arnav"]
[WhiteElo "1033"]
[WhiteTeam "Young Dragons C"]
[Black "Lukhi, Neev"]
[BlackElo "1003"]
[BlackTeam "Lenzie Dementors"]
[Result "1-0"]
[PlyCount "59"]

1. e4 c5 2. Nf3 d6 3. Nc3 Nc6 4. Bb5 Nf6 5. O-O Bg4 6. d3 a6 7. Bxc6+ bxc6 8. Be3 e5 9. h3 Bh5 10. Re1 Be7 11. Qe2 d5 12. exd5 cxd5 13. Bg5 h6 14. Bh4 d4 15. Qxe5 dxc3 16. Bxf6 gxf6 17. Qxh5 cxb2 18. Rab1 Qd7 19. Nh4 O-O-O 20. Rxb2 Rhg8 21. Nf3 Rg6 22. Reb1 Bd6 23. g3 Rdg8 24. Qd5 Rxg3+ 25. fxg3 Rxg3+ 26. Kf2 Qxh3 27. Qc6+ Kd8 28. Qxd6+ Ke8 29. Rb8+ Qc8 30. Rxc8# 1-0

[Event "Junior Online 4NCL Division 3"]
[Site "online"]
[Date "2022.03.03"]
[EventDate "2022.03.03"]
[Round "4.47"]
[White "Tsagkarakis, Georgios"]
[WhiteElo "975"]
[WhiteTeam "Lenzie Dementors"]
[Black "Pandit, Aaryan"]
[BlackElo "1034"]
[BlackTeam "Young Dragons C"]
[Result "1-0"]
[PlyCount "67"]

1. e4 e5 2. Nf3 Nc6 3. Bc4 Nf6 4. Nc3 Bc5 5. Bb5 d6 6. d3 Bd7 7. h3 Bb4 8. Bd2 a6 9. Bc4 b5 10. Bb3 a5 11. a3 a4 12. Bxf7+ Kxf7 13. axb4 Nd4 14. Nxd4 exd4 15. Ne2 c5 16. Ng3 Re8 17. O-O Kg8 18. Nh5 Re5 19. Nxf6+ Qxf6 20. f4 Ree8 21. Qh5 Re7 22. Qd5+ Be6 23. Qxa8+ Kf7 24. e5 Qg6 25. f5 Bxf5 26. Qd5+ Ke8 27. exd6 Rf7 28. Qa8+ Kd7 29. bxc5 Be6 30. Qb7+ Ke8 31. Qb8+ Kd7 32. Qc7+ Ke8 33. Rxf7 Bxf7 34. Qe7# 1-0

[Event "Junior Online 4NCL Division 3"]
[Site "online"]
[Date "2022.03.03"]
[EventDate "2022.03.03"]
[Round "4.48"]
[White "Rein, Sam"]
[WhiteElo "650"]
[WhiteTeam "Young Dragons C"]
[Black "Al dakl alla, Human"]
[BlackElo "1000"]
[BlackTeam "Lenzie Dementors"]
[Result "0-1"]
[PlyCount "68"]

1. e4 e6 2. d4 c5 3. e5 cxd4 4. Qxd4 Nc6 5. Qe3 d5 6. c3 b6 7. Bb5 Bd7 8. Nf3 Bc5 9. Qe2 d4 10. cxd4 Nxd4 11. Nxd4 Bxd4 12. Bxd7+ Qxd7 13. Qg4 Bxe5 14. Qe4 Qd5 15. Qxd5 exd5 16. O-O Nf6 17. Re1 Ne4 18. f3 Bd4+ 19. Kf1 f5 20. fxe4 fxe4 21. Nc3 O-O+ 22. Ke2 Rf2+ 23. Kd1 Rd8 24. Be3 Bxe3 25. Rxe3 d4 26. Re1 dxc3+ 27. Kc1 cxb2+ 28. Kb1 bxa1=Q+ 29. Kxa1 Rdd2 30. g4 Rxa2+ 31. Kb1 Rae2 32. Rc1 Rb2+ 33. Ka1 Ra2+ 34. Kb1 Rfb2# 0-1

[Event "Junior Online 4NCL Division 3"]
[Site "online"]
[Date "2022.03.03"]
[EventDate "2022.03.03"]
[Round "4.51"]
[White "Quin, Wilder"]
[WhiteElo "1227"]
[WhiteTeam "Wanstead Warriors C"]
[Black "Moiseev, Mikhail"]
[BlackElo "1125"]
[BlackTeam "Chess Challengers E"]
[Result "1-0"]
[PlyCount "77"]

1. e4 e5 2. Nf3 Nc6 3. Bc4 Nf6 4. Nc3 Bc5 5. d3 h6 6. O-O d6 7. h3 O-O 8. Qe2 Be6 9. Bb3 Qd7 10. Be3 Bxe3 11. Qxe3 Bxh3 12. gxh3 Qxh3 13. Nh2 Qh5 14. Qf3 Qg6+ 15. Qg2 Qh5 16. Qf3 Qg6+ 17. Qg3 Qh5 18. Kh1 Ng4 19. Qxg4 Qxg4 20. Nxg4 Nd4 21. f3 Kh8 22. Kg2 f5 23. Ne3 f4 24. Ned5 c6 25. Nb4 a5 26. Nxc6 bxc6 27. Kf2 g5 28. Ne2 Nb5 29. Rh1 Kg7 30. Rh2 Rfd8 31. Rah1 a4 32. Bc4 Rh8 33. Bxb5 cxb5 34. c3 a3 35. b3 Kg6 36. d4 exd4 37. Nxd4 Rab8 38. Nc6 Rbc8 39. Ne7+ 1-0

[Event "Junior Online 4NCL Division 3"]
[Site "online"]
[Date "2022.03.03"]
[EventDate "2022.03.03"]
[Round "4.52"]
[White "Tewari, Vivaan"]
[WhiteElo "1080"]
[WhiteTeam "Chess Challengers E"]
[Black "Chu, Ray"]
[BlackElo "1050"]
[BlackTeam "Wanstead Warriors C"]
[Result "0-1"]
[PlyCount "34"]

1. d4 Nf6 2. Bf4 g6 3. Nc3 Bg7 4. Nb5 d6 5. c4 Kf8 6. Qa4 c6 7. Nxa7 Bf5 8. Nf3 Qb6 9. Nc8 Rxa4 10. Nxb6 Rb4 11. Na8 Rxc4 12. Nb6 Rb4 13. Na8 Nd5 14. Bg3 Rxb2 15. Nh4 Bxd4 16. Rd1 Bc3+ 17. Rd2 Rb1# 0-1

[Event "Junior Online 4NCL Division 3"]
[Site "online"]
[Date "2022.03.03"]
[EventDate "2022.03.03"]
[Round "4.53"]
[White "Williams, Frank"]
[WhiteElo "1017"]
[WhiteTeam "Wanstead Warriors C"]
[Black "Chavan, Aarav"]
[BlackElo "978"]
[BlackTeam "Chess Challengers E"]
[Result "1-0"]
[PlyCount "45"]

1. e4 c6 2. d4 d5 3. e5 Bf5 4. Nc3 e6 5. Bf4 c5 6. Nf3 cxd4 7. Nxd4 Qb6 8. a3 Qxb2 9. Na4 Bxa3 10. Nxb2 Bxb2 11. Ra2 Bxd4 12. Qxd4 Nc6 13. Bb5 a6 14. Qb6 Ne7 15. Qxb7 Rb8 16. Bxc6+ Nxc6 17. Qxc6+ Ke7 18. Qd6+ Ke8 19. Qxb8+ Ke7 20. Qxh8 Bxc2 21. Rxc2 Kd7 22. Qc8+ Ke7 23. Rc7# 1-0

[Event "Junior Online 4NCL Division 3"]
[Site "online"]
[Date "2022.03.03"]
[EventDate "2022.03.03"]
[Round "4.54"]
[White "Kulkarni, Shreya"]
[WhiteElo "1000"]
[WhiteTeam "Chess Challengers E"]
[Black "Lynch, Zachary"]
[BlackElo "629"]
[BlackTeam "Wanstead Warriors C"]
[Result "1-0"]
[PlyCount "55"]

1. e4 e6 2. d4 d5 3. e5 f6 4. f4 fxe5 5. fxe5 Bb4+ 6. Bd2 Be7 7. Nc3 Nh6 8. Nf3 O-O 9. Qe2 Nc6 10. Bg5 Nf7 11. Bxe7 Qxe7 12. O-O-O Qb4 13. g3 Nh6 14. Bg2 Qc4 15. Qxc4 dxc4 16. Rhf1 Ng4 17. Ng5 Nxh2 18. Rxf8+ Kxf8 19. Nxh7+ Kg8 20. Be4 b6 21. Rh1 Ne7 22. Rxh2 Rb8 23. d5 exd5 24. Nxd5 Nc6 25. Nxc7 Nxe5 26. Bd5+ Kh8 27. Nf6+ Bh3 28. Rxh3# 1-0